000 00442nmm a2200157Ia 4500
008 251105s9999||||xx |||||||||||||||||und||
020 _a9788468788128
041 _aspa
100 _aHewitt, Kate
245 0 _aFalsa prometida
264 _a[Madrid, España] :
_bHarlequin,
_c[Fecha de publicación no identificada]
300 _a0 páginas
650 _aRomance
856 _uhttps://public.digitaliapublishing.com/a/95314
942 _cCF
999 _c84561
_d84561